00611nam a2200181Ia 4500003000400000008004100004040001600045082001900061100002300080245003700103260004300140300000700183650001400190942001200204999001700216952009800233952009800331GCL140319s9999    xx            000 0 eng d  aGCL / cGCL04aCHb028.5bL B1 aLIBRAIRIE DU LIBAN10aMOUNTAINS / cLIBRAIRIE DU LIBAN  a[S.N] : bLIBRAIRIE DU LIBAN ، c1991  a3204aMOUNTAINS  2ddccBK  c17375d17375  00104070aCAIbCAId2014-03-26l0oCH\028.5\L Bp31442r2014-03-26 00:00:00w2014-03-26yBK  00104070aCAIbCAId2014-03-26l0oCH\028.5\L Bp31443r2014-03-26 00:00:00w2014-03-26yBK